00395nam a2200157Ia 4500008004000000020001800040041000800058082001500066100001900081245003600100260005000136300001100186650001000197650001400207650001600221210210b2016 xxu||||| |||| 00| 0 eng d a9789331328434 aeng a659.1 TAIA aTAING (Vineet) aAdvertising and sales promotion aNew DelhibA P H Publishing Corporationc2016 aix,216 asales apromotion aAdvertising